B2B Marketing: (Record no. 185552)

MARC details
000 -LEADER
fixed length control field 00718nam a22002057a 4500
005 - DATE AND TIME OF LATEST TRANSACTION
control field 20220204103404.0
010 ## - LCCN (DPL NO)
LC control number ENG-131393
020 ## - INTERNATIONAL STANDARD BOOK NUMBER
International Standard Book Number 9789390185597
Terms of availability 695.00
035 ## - SYSTEM CONTROL NUMBER
System control number EN-114925
037 ## - SOURCE OF ACQUISITION
Source of stock number/acquisition DBAD
082 ## - DEWEY DECIMAL CLASSIFICATION NUMBER
Classification number 658.804
100 ## - MAIN ENTRY--PERSONAL NAME
Personal name Havaldar, Krishna K
245 ## - TITLE STATEMENT
Title B2B Marketing:
Remainder of title Text and cases/
Statement of responsibility, etc Krishna K Havaldar, Shailendra Dasari
250 ## - EDITION STATEMENT
Edition statement Fifth Edition
260 ## - PUBLICATION, DISTRIBUTION, ETC. (IMPRINT)
Place of publication, distribution, etc Uttar Pradesh
Name of publisher, distributor, etc Pearson India Education Services
Date of publication, distribution, etc 2021
270 ## - ADDRESS
Address 15th Flooor, Tower-B, World Trade Tower, Plot No. 1, Block-C, Sector-16
City Noida
Postal code 201301
Electronic mail address companysecretary.india@pearson.com
300 ## - PHYSICAL DESCRIPTION
Extent 547p.
Other physical details Index
Dimensions 24cm(pbk)
700 ## - ADDED ENTRY--PERSONAL NAME
Personal name Dasari, Shailendra
942 ## - ADDED ENTRY ELEMENTS (KOHA)
Source of classification or shelving scheme Dewey Decimal Classification
Item type English Books
Classification part 658.804
Call number suffix HAV
Holdings
Withdrawn status Lost status Not for loan Collection code Home library Current library Date acquired Source of acquisition Cost, normal purchase price Full call number Barcode Copy number Cost, replacement price Koha item type
      Non-fiction Bawana Bawana 04/02/2022 DBAD/PUB 695.00 658.804 HAV EN-114925 1 695.00 English Books

© Delhi Public Library
Hit Counter
free hit counter